| 000 | 01618nam a2200289 a 4500 | ||
|---|---|---|---|
| 001 | 000034662 | ||
| 003 | DO-SdBNP | ||
| 005 | 20250602113835.0 | ||
| 008 | 110831s1864 dr 000 0 spa d | ||
| 040 |
_aDO-SdBNP _bspa _cBNPHU |
||
| 049 | _aBNPR | ||
| 082 |
_a970.016 _bC691d, 1864- |
||
| 245 | 0 | 0 |
_aColección de documentos inéditos, realtivos al descubrimiento, conquista y organización de las antiguas poseciones españolas en América y Oceanía sacado en su mayor parte del real archivosl de Indias / _cbajo la dirección los señores Dr. Juanquín F. Pacheco, Dr. Francisco de Cardenas y Luis Torres de Mendoza. |
| 260 |
_aMadrid : _bImprenta Española, _c1864. |
||
| 300 |
_a42v. ; _c23 cm. |
||
| 500 | _aLa biblioteca posee el volumen 2 | ||
| 500 | _aA partir del v. 4 el subtít. es: Sacados de los archivos del Reino y muy especialmente del de Indias. -- Tít. en anteport.: Colección de documentos inéditos del archivo de Indias. -- v.1-2:1864; v.3-4:1865; v.5-6:1866; v.7-8:1867; v.9-10:1868; v.11-12:1869; v.13-14:1870; v.15-16: 1871; v.17: 1872... | ||
| 651 | 0 |
_aAmérica del Sur _xHistoria _yGuerras de Independencia, 1806-1830 _zEspañoles _vEnsayo, conferencias, etc. _94537 |
|
| 651 | 4 |
_aAmérica Latina _xHistoria _y1492-1830 _959067 |
|
| 651 | 4 |
_aOceanía _xDescubrimiento Y Exploraciones _xEspañoles _959068 |
|
| 651 | 4 |
_aEspaña _xHistoria _98844 |
|
| 700 | 1 | 2 |
_aPacheco, Joaquín Francisco, _d1808-1865 _959069 |
| 700 | 1 | 2 |
_aCardenas, Francisco de, _d1816-1898 _959070 |
| 700 | 1 | 2 |
_aTorres de Mendoza, Luis _ecomp. _959071 |
| 910 | _aValidado. Control de calidad MFF | ||
| 942 |
_2ddc _cLBS1 |
||
| 999 |
_c34153 _d34153 |
||